Normal view
MARC view
- الظل والظلال-الظل
Entry Topical Term
001 - CONTROL NUMBER
- control field: 37319
003 - CONTROL NUMBER IDENTIFIER
- control field: JO-AjAnu
005 - DATE AND TIME OF LATEST TRANSACTION
- control field: 20230606080226.0
008 - FIXED-LENGTH DATA ELEMENTS
- fixed length control field: 230606|| aca||aabn | a|a d
040 ## - CATALOGING SOURCE
- Original cataloging agency: JO-AjAnu
- Transcribing agency: JO-AjAnu
150 ## - HEADING--TOPICAL TERM
- Topical term or geographic name entry element: الظل والظلال-الظل
670 ## - SOURCE DATA FOUND
- Source citation: Work cat.: (JO-AjAnu)19150: سعد توفيق، مجدي تأليف, author 37318, الظل والظلال=Sciagraphy